| 000 | 03726njm a2200517Ia 4500 | ||
|---|---|---|---|
| 001 | D7449 | ||
| 003 | IT-RoPAU | ||
| 005 | 20220918181115.0 | ||
| 008 | 131025s9999 xx 000 0 und d | ||
| 040 | _aIT-RoPAU | ||
| 040 | _cIT-RoPAU | ||
| 999 |
_c99321 _d99321 |
||
| 999 | _bn.d. | ||
| 100 |
_aAA.VV. _9794 |
||
| 100 |
_eAutore musica _931140 |
||
| 100 |
_gCodice autore musica SPICS: 12000 _9796 |
||
| 245 | _aFmp Free Music Production Story | ||
| 250 | _a2a ed. | ||
| 260 | _aMILANO | ||
| 260 |
_bRUSCONI _c1996 [1a Ed.:] |
||
| 300 | _aCOMPACT DISC | ||
| 300 | _c73 minuti (Testo: pag.) | ||
| 500 | _aMusica jazz. Cd fuori commercio allegato al n. 3 1996 della rivista "Musica jazz". | ||
| 505 | _aResponsible [(Brema, maggio 1968) (9:00)] - Good Days [(Wuppertal, febbraio 1979) (5:00)] - Evidence [(Berlino, 31 marzo 1975) (7:00)] - In These Last Days [(New York, 19 aprile 1988) (4:00)] - Ressurrection of Yarak [(Berlino, maggio 1990) (9:00)] - Auf Der Elbe Schwimmt Ein Rosa Krokodil [(Berlino Est, marzo 1974) (6:00)] - Nocturnal Chirps 3 [(Berlino, 18 luglio 1985) (6:00)] - Translation [(Berlino, tra il 22 e il 24 giugno 1992) (King Ubu Orchestru) (5:00)] - Oh, My God [(Berlino, giugno 1987) (Tippett Keith) (5:00)] | ||
| 511 | _aBrotzmann Peter: ten; Parker Evan: ten; Van Hove Fred: p; Kowald Peter: cb; Niebergall Buschi: cb; Bennink Han: batt; Johansson Swen-Ake: batt; Peter Brotzmann Octet | ||
| 511 | _aReichel Hans: p | ||
| 511 | _aWheeler Kenny: tr; Lacy Steve: sop; Parker Evan: ten; Dudek Gerd: ten; Mangelsdorff Albert: trne; Rutherford Paul: trne; Von Schlippenbach Alexander: p, arr; Kowald Peter: cb, tuba; Lovens Paul: batt, perc; Globe Unity Special 75 | ||
| 511 | _aKowald Peter: cb; Lee Jeanne: voc | ||
| 511 | _aParker Evan: ten; Von Schlippenbach Alexander: p; Lovens Paul: batt, perc; Schlippenbach Trio | ||
| 511 | _aPetrowsky Ernst-Ludwig: alto; Bauer Conrad: trne; Gumpert Ulrich: p; Sommer Gunter: batt, perc; Synopsis | ||
| 511 | _aLacy Steve: sop; Parker Evan: sop; Synopsis | ||
| 511 | _aFuchs Wolfgang: sopranino; Van Bergen Peter: ten, cl, b, cl, contrabbasso; Houtkamp Luc: cl, alto, ten; Christmann Gunter: trne; Malfatti Radu: trne; Poore Melvyn: tuba; Wachsmann Phil: viol, str elettronici; Muller Torsten: cb; Lytton Paul: batt, str elettronici; Katzer Georg: computer str elettronici. | ||
| 650 |
_aJAZZ [COMPACT DISC] _eCodice MATERIA SPICS: 9949 _911822 |
||
| 700 |
_aVan Hove Fred _dCodice autore musica SPICS: 46250 _eAutore musica _pResponsible _931141 |
||
| 700 |
_aReichel Hans _dCodice autore musica SPICS: 46251 _eAutore musica _pGood Days _931142 |
||
| 700 |
_aMonk Thelonious _dCodice autore musica SPICS: 10795 _eAutore musica _pEvidence _931143 |
||
| 700 |
_aLee Jeanne _dCodice autore musica SPICS: 46252 _eAutore musica _pIn These Last Days _931144 |
||
| 700 |
_aParker Evan _dCodice autore musica SPICS: 46253 _eAutore musica _pRessurrection of Yarak _931145 |
||
| 700 |
_aSchlippenbach Alexander Von _dCodice autore SPICS: 46254 _eAutore _pRessurrection of Yarak _931146 |
||
| 700 |
_aLovens Paul _dCodice autore testo/musica SPICS: 46255 _eAutore testo/musica _pRessurrection of Yarak _931147 |
||
| 700 |
_aSommer Gunter _dCodice autore musica SPICS: 46256 _eAutore musica _pAuf Der Elbe Schwimmt Ein Rosa Krokodil _931148 |
||
| 700 |
_aLacy Steve _dCodice autore musica SPICS: 10217 _eAutore musica _pNocturnal Chirps 3 _931149 |
||
| 700 |
_aParker Evan _dCodice autore SPICS: 46253 _eAutore _pNocturnal Chirps 3 - Translation - Oh, My God _931150 |
||
| 700 |
_aKing Ubu Orchestru _dCodice autore musica SPICS: 46257 _eAutore musica _pTranslation _931151 |
||
| 700 |
_aTippett Keith _dCodice autore musica SPICS: 46258 _eAutore musica _pOh, My God _931152 |
||
| 942 |
_cCD _2ddc |
||